Country Names with only one type of vowel - Statistics

General Stats
  • This quiz has been taken 1,002 times
    999 since last reset
  • The average score is 12 of 23
Answer Stats
Hint Answer % Correct
North America Canada
85%
Africa Chad
69%
Oceania Fiji
69%
Asia Japan
69%
North America Panama
66%
Africa Togo
60%
Europe Greece
58%
North America Bahamas
56%
Europe Sweden
56%
Africa Morocco
55%
Asia Yemen
55%
Africa Egypt
53%
Africa Ghana
53%
Europe Kosovo
48%
Africa Comoros
45%
Europe Malta
43%
Asia Qatar
43%
Asia Kazakhstan
41%
Africa Rwanda
41%
Africa Madagascar
39%
Africa Seychelles
32%
Asia Cyprus
29%
Asia Kyrgyzstan
28%
No matching quizzes found
Score Distribution
Percent of People with Each Score
Percentile by Number Answered
Your Score History
You have not taken this quiz since the last reset